书目信息 |
| 题名: |
东京梦华录
|
|
| 作者: | 孟元老 著 | |
| 分册: | ||
| 出版信息: | 北京 中国商业出版社 1982.3 |
|
| 页数: | 200页 | |
| 开本: | 19cm | |
| 丛书名: | ||
| 单 册: | ||
| 中图分类: | K296.1 | |
| 科图分类: | ||
| 主题词: | 中国--地方史 , 中国--地方志 | |
| 电子资源: | ||
| ISBN: | ||
| 000 | 00566nam0 2200205 45 | |
| 001 | 0181011493 | |
| 005 | 20060425155644.25 | |
| 010 | @dCNY1.65 | |
| 100 | @a20810111d km y0chiy0120 ea | |
| 101 | 0 | @achi |
| 200 | 1 | @a东京梦华录@Adong jing meng hua lu@f孟元老等著@Fmeng yuan lao |
| 210 | @a北京@c中国商业出版社@d1982.3 | |
| 215 | @a200页@d19cm | |
| 300 | @a本书包括都城纪胜、西湖老人繁胜录、梦粱录、武林旧事 | |
| 606 | 0 | @a中国@x地方史 |
| 606 | 0 | @a中国@x地方志 |
| 690 | @aK296.1@v3 | |
| 701 | 0 | @a孟元老@4著 |
| 801 | @aCN@bTSTC@c20060425 | |
| 905 | @dK296.1@e48 | |
| 东京梦华录/孟元老等著.-北京:中国商业出版社,1982.3 |
| 200页;19cm |
| 本书包括都城纪胜、西湖老人繁胜录、梦粱录、武林旧事 |
| ISBN :CNY1.65 |
| ● |
| 相关链接 |
|
|
|
|
正题名:东京梦华录
索取号:K296.1/48
 
预约/预借
| 序号 | 登录号 | 条形码 | 馆藏地/架位号 | 状态 | 备注 |
| 1 | 0105190 | 001476539 | 第二借阅区/ [索取号:K296.1/48] | 在馆 | |
| 2 | 0105191 | 001476548 | 第二样本阅览室/ [索取号:K296.1/48] | 在馆 | |
| 3 | 0119475 | 000357884 | 第二借阅区/ [索取号:K296.1/48] | 在馆 | |
| 4 | 0119476 | 202287612 | 密集书库/ [索取号:K296.1/48] | 在馆 | |
| 5 | 0119477 | 000357839 | 第二借阅区/ [索取号:K296.1/48] | 在馆 | |
| 6 | 0119478 | 000357820 | 第二借阅区/ [索取号:K296.1/48] | 在馆 | |
| 7 | 0119479 | 000357811 | 第二借阅区/ [索取号:K296.1/48] | 在馆 |